Las aventuras de Alberto y su caña de pescar / (Registro nro. 11894)

Detalles MARC
000 -LIDER
fixed length control field 00764nam a22002537a 4500
001 - NÚMERO DE CONTROL
Identificador de número de control 0011758
003 - IDENTIFICACDOR DE NÚMERO DE CONTROL
control field DO-SdBNP
005 - DATE AND TIME OF LATEST TRANSACTION
control field 20180209093112.0
007 - CAMPOS FIJOS DE DESCRIPCIÓN FÍSICA
fixed length control field 0011758
008 - ELEMENTOS DE LONGITUD FIJA
fixed length control field 161110b 1992 mx||||| |||| 00| 0 spa d
020 ## - ISBN
International Standard Book Number 9789681844196
040 ## - FUENTE DE CATALOGACIÓN
Agencia que crea de manera original el registro BPMSU
Idioma de catalogación spa
Agencia que realiza la transcripción BPMSU
082 ## - NÚMERO DE CLASIFICACIÓN DECIMAL DE DEWEY
Classification number xxxxxxxx
Item number xxxxxxxx
100 1# - ASIENTO PRINCIPAL -- NOMBRE PERSONAL
Nombre personal Weiss Pick, Arturo
245 14 - MENCIÓN DE TITULO
Título Las aventuras de Alberto y su caña de pescar /
Mención de responsabilidad Arturo Weiss Pick ; ilustración Victor Manuel Gutiérrez
260 ## - PUBLICACIÓN, DISTRIBUCIÓN, ETC. (PIE DE IMPRENTA)
Lugar de publicación, distribución, etc México :
Nombre del editor, distribuidor, etc. Noriega,
Fecha de publicación, distribución, etc 1992.
300 ## - DESCRIPCIÓN FÍSICA
Extensión 20 p. :
Otros detalles físicos il.,
Dimensiones 20 cm.
490 1# - MENCIÓN DE SERIES
Mención de serie Planeando tu vida
700 1# - ASIENTO SECUNDARIO -- NOMBRE PERSONAL
Nombre personal Gutiérrez, Victor Manuel,
Mención de responsabilidad il.
830 #0 - ASIENTO SECUNDARIO DE SERIE--TÍTULO UNIFORME
Título uniforme Planeando tu vida
942 ## - ADDED ENTRY ELEMENTS (KOHA)
Source of classification or shelving scheme Dewey Decimal Classification
Koha item type Libros
945 ## - INFORMACIÓN DE PROCESAMIENTO LOCAL
Información de procesamiento local inventariado, 2018 / dg
956 ## - LOCAL ELECTRONIC LOCATION AND ACCESS (OCLC)
Nombre de host BTAVÁREZ
Número de acceso 10
Información de compresión 20161011
Trayectoria 0011758
Existencias
Withdrawn status Lost status Source of classification or shelving scheme Damaged status Not for loan Collection code Home library Current library Date acquired Source of acquisition Total Checkouts Full call number Barcode Date last seen Price effective from Koha item type
    Dewey Decimal Classification     Colección Infantil General Biblioteca Pública Metropolitana Salomé Ureña Biblioteca Pública Metropolitana Salomé Ureña 11/10/2016 Fundi   xxxxxxxx xxxxxxxx BPMSU16111172 11/10/2016 11/10/2016 Libros